| 000 | 01106nac a22003257a 4500 | ||
|---|---|---|---|
| 001 | BR8000039 | ||
| 003 | BR-BrBNA | ||
| 005 | 20240105114605.0 | ||
| 008 | 230509b bl.|||m| |||| 00| 0 por d | ||
| 040 |
_aBR-BrBNA _bpor _cBiblioteca Nacional de Agricultura |
||
| 072 | _aK50 | ||
| 090 | _a3240 BR8000039 | ||
| 100 | 1 | _aBrito, J.O. | |
| 100 | 1 | _aBarrichelo, L.E.G. | |
| 100 | 1 | _aCouto, H.I.Z. do | |
| 100 | 1 | _aFazzio, E.C.M. | |
| 100 | 1 | _aCorradini, L. | |
| 100 | 1 | _aCarrara, M.A. | |
| 100 | 1 | _aMigliorini, A.J. | |
| 110 | 1 |
_aInstituto de Pesquisas e Estudos Florestais, Piracicaba, SP (Brasil) _96160 |
|
| 245 | 1 | _aAvaliacao das caracteristicas dos residuos de exploracao florestal do eucalipto para fins energeticos [Eucalyptus spp.; Brasil] | |
| 260 | 3 |
_aPiracicaba, SP (Brasil): _c1979. |
|
| 300 | _a8 p. | ||
| 490 |
_aCircular Tecnica - Instituto de Pesquisas e Estudos Florestais (Brazil) _vno. 62 _xISSN 0100-3453 |
||
| 650 | _aINDUSTRIA FLORESTAL | ||
| 650 | _aEUCALIPTO | ||
| 650 | _aCOMBUSTIVEL | ||
| 909 |
_a202312 _bLúcia Elande _c55 _dLúcia Elande |
||
| 942 |
_2AGRIS _n0 _cMS |
||
| 999 |
_c270226 _d270226 |
||